[Event "Petroupoli op 3rd"]
[Site "Petroupoli"]
[Date "2012.03.28"]
[Round "6"]
[White "Pavlis, Antonios"]
[Black "Hytos, Vasilios"]
[Result "0-1"]
[WhiteElo "1761"]
[BlackElo "1944"]
[PlyCount "73"]
[EventDate "2012.03.10"]
[EventType "swiss"]
[EventRounds "7"]
[EventCountry "GRE"]
[SourceTitle "CBM 147 Extra"]
[Source "ChessBase"]
[SourceDate "2012.04.24"]
[SourceVersion "1"]
[SourceVersionDate "2012.04.24"]
[SourceQuality "1"]

1. e4 c5 2. Nf3 Nc6 3. d4 cxd4 4. Nxd4 e5 5. Nf3 Nf6 6. Bc4 Bb4+ 7. c3 Bc5 8. 0-0 0-0 9. b4 Bb6 10. b5 Na5 11. Nxe5 d6 12. Nxf7 Rxf7 13. Bxf7+ Kxf7 14. Bg5 Be6 15. Nd2 Nc4 16. a4 Nxd2 17. Bxf6 Qxf6 18. Qxd2 Bc4 19. Rfe1 Kg8 20. a5 Bc5 21. b6 Rf8 22. Re3 Bxe3 23. Qxe3 a6 24. Ra4 Bb5 25. Rd4 Qf4 26. Qe1 Qe5 27. g3 Re8 28. Qd2 Bc6 29. Qa2+ Qe6 30. Qd2 Bxe4 31. Rxd6 Qh3 32. f3 Bxf3 33. Rd8 Qe6 34. Kf2 Bc6 35. Rd4 Qh3 36. Qa2+ Kh8 37. Rd5 0-1

[Event "Petroupoli op 3rd"]
[Site "Petroupoli"]
[Date "2012.03.21"]
[Round "4"]
[White "Ladas, Dimitrios"]
[Black "Hytos, Vasilios"]
[Result "1-0"]
[WhiteElo "1639"]
[BlackElo "1944"]
[PlyCount "61"]
[EventDate "2012.03.10"]
[EventType "swiss"]
[EventRounds "7"]
[EventCountry "GRE"]
[SourceTitle "CBM 147 Extra"]
[Source "ChessBase"]
[SourceDate "2012.04.24"]
[SourceVersion "1"]
[SourceVersionDate "2012.04.24"]
[SourceQuality "1"]

1. d4 d5 2. Nf3 g6 3. Bf4 Bg7 4. e3 Nf6 5. g3 0-0 6. Be2 c5 7. c3 cxd4 8. cxd4 Qb6 9. Qc1 Nc6 10. Nc3 Bd7 11. 0-0 Rac8 12. Qd2 e6 13. Na4 Qb4 14. Nc5 Qxd2 15. Nxd2 b6 16. Nxd7 Nxd7 17. Ba6 Rcd8 18. Bc7 e5 19. Bxd8 Rxd8 20. Bb5 Ne7 21. Nf3 e4 22. Nd2 f5 23. Rfc1 a6 24. Bxa6 f4 25. Rc7 fxe3 26. fxe3 Bh6 27. Nf1 Nf5 28. Re1 Nf8 29. Kf2 Ra8 30. Bb7 Rd8 31. Rec1 1-0

[Event "Petroupoli op 3rd"]
[Site "Petroupoli"]
[Date "2012.03.14"]
[Round "2"]
[White "Stavropoulos, Konstantinos"]
[Black "Hytos, Vasilios"]
[Result "1/2-1/2"]
[WhiteElo "1400"]
[BlackElo "1944"]
[PlyCount "173"]
[EventDate "2012.03.10"]
[EventType "swiss"]
[EventRounds "7"]
[EventCountry "GRE"]
[SourceTitle "CBM 147 Extra"]
[Source "ChessBase"]
[SourceDate "2012.04.24"]
[SourceVersion "1"]
[SourceVersionDate "2012.04.24"]
[SourceQuality "1"]

1. e4 c5 2. Nf3 Nc6 3. d4 cxd4 4. Nxd4 e5 5. Nb5 a6 6. Nd6+ Bxd6 7. Qxd6 Qf6 8. Qxf6 Nxf6 9. f3 d5 10. exd5 Nb4 11. Na3 Nbxd5 12. Bd2 e4 13. fxe4 Nxe4 14. 0-0-0 Nf2 15. Re1+ Be6 16. Rg1 Ng4 17. h3 Ngf6 18. Nc4 0-0 19. Nd6 b5 20. Bd3 Ra7 21. Bf5 Bxf5 22. Nxf5 Rc7 23. Kb1 Rfc8 24. Nd6 Rd8 25. Nf5 Rc4 26. Ba5 Rd7 27. Ne3 Rd4 28. Nxd5 R4xd5 29. Bc3 Ne4 30. Kc1 f5 31. Bb4 Kf7 32. Rgf1 Ng3 33. Rg1 f4 34. Bc3 g5 35. b3 Rc7 36. Ba5 Rc6 37. Kb2 Rdc5 38. c3 Rd5 39. Rd1 Rcd6 40. Rxd5 Rxd5 41. Kc2 Ke6 42. Re1+ Kf5 43. Bb6 Ne4 44. Bd4 h5 45. Kd3 Nc5+ 46. Ke2 g4 47. Rh1 Ke4 48. hxg4 hxg4 49. Rh4 Rg5 50. Bxc5 Rxc5 51. Rxg4 Rxc3 52. Kd2 b4 53. Rg6 Rg3 54. Rxg3 fxg3 55. Ke2 a5 56. Kd2 Kd4 57. Ke2 Kc3 58. Kf3 Kb2 59. Kxg3 Kxa2 60. Kf4 Kxb3 61. g4 Kc3 62. g5 b3 63. g6 b2 64. g7 b1Q 65. g8Q a4 66. Qc8+ Kb2 67. Qb7+ Ka1 68. Qg7+ Qb2 69. Qg1+ Ka2 70. Qg8+ Kb1 71. Qg6+ Qc2 72. Qb6+ Qb3 73. Qg6+ Ka2 74. Qg2+ Ka3 75. Qe2 Qf7+ 76. Kg5 Qg7+ 77. Kf5 Qb2 78. Qe7+ Ka2 79. Qe6+ Ka1 80. Kf4 a3 81. Qe1+ Ka2 82. Qe6+ Kb1 83. Qg6+ Ka1 84. Qg1+ Ka2 85. Qg8+ Kb1 86. Qg6+ Qc2 87. Qb6+ 1/2-1/2

[Event "Petroupoli ASOP Dias op 3rd"]
[Site "Petroupoli"]
[Date "2007.09.29"]
[Round "3"]
[White "Hytos, Vasilios"]
[Black "Dounis, Alexandros"]
[Result "0-1"]
[WhiteElo "2004"]
[BlackElo "2190"]
[PlyCount "24"]
[EventDate "2007.09.22"]
[EventType "swiss"]
[EventRounds "7"]
[EventCountry "GRE"]
[SourceTitle "EXT 2024"]
[Source "ChessBase"]
[SourceDate "2023.10.10"]
[SourceVersion "1"]
[SourceVersionDate "2023.10.10"]
[SourceQuality "1"]

1. e4 d5 2. exd5 Qxd5 3. Nc3 Qd6 4. d4 Nf6 5. Nf3 a6 6. Ne5 Nc6 7. Nxc6 Qxc6 8. d5 Qd6 9. Qd4 e5 10. Qa4+ Bd7 11. Nb5 Qb6 12. Be3 Bxb5 0-1

[Event "Aegean op 30th"]
[Site "Aghios Kirykos"]
[Date "2007.07.07"]
[Round "1"]
[White "Hytos, Vasilios"]
[Black "Milosevic, Goran"]
[Result "1/2-1/2"]
[WhiteElo "2004"]
[BlackElo "2410"]
[PlyCount "111"]
[EventDate "2007.07.07"]
[EventType "swiss"]
[EventRounds "9"]
[EventCountry "GRE"]
[SourceTitle "CBM 119 Extra"]
[Source "ChessBase"]
[SourceDate "2007.09.04"]
[SourceVersion "1"]
[SourceVersionDate "2007.09.04"]
[SourceQuality "1"]

1. e4 c5 2. Nf3 e6 3. c3 d5 4. exd5 Qxd5 5. d4 Nf6 6. Bd3 cxd4 7. cxd4 Nc6 8. Nc3 Qd6 9. Nb5 Qb8 10. 0-0 a6 11. Nc3 Be7 12. Bg5 0-0 13. Qd2 b5 14. Ne4 Nd5 15. Bxe7 Ncxe7 16. Qg5 h6 17. Qd2 Qf4 18. Qd1 Nb4 19. g3 Qg4 20. Nd6 Nxd3 21. Qxd3 f6 22. Nxc8 Raxc8 23. Rfe1 Rfd8 24. Re4 Qf5 25. Nh4 Qd5 26. Rae1 Rd6 27. b3 Nc6 28. Ng6 Qf5 29. Nh4 Qd5 30. Ng6 Rcd8 31. Nf4 Qf5 32. Rxe6 Qxd3 33. Nxd3 Nxd4 34. Rxd6 Nf3+ 35. Kh1 Rxd6 36. Re3 Nd4 37. Nc5 Rc6 38. Rd3 Rxc5 39. Rxd4 Rc2 40. a4 bxa4 41. Rxa4 Rxf2 42. Rxa6 Rb2 43. Ra8+ Kh7 44. Rb8 h5 45. h4 Kg6 46. Rb7 Kh6 47. b4 g5 48. hxg5+ Kxg5 49. Rg7+ Kf5 50. b5 Rxb5 51. Kh2 Rb1 52. Rh7 Kg4 53. Rg7+ Kf3 54. Rf7 Rb6 55. Kh3 Rc6 56. Kh4 1/2-1/2